Destinos del Aeropuerto Int. de Carrasco (Montevideo) - Estadísticas

Estadísticas generales
  • Esta prueba ha sido intentada 39 veces
    10 desde el último reinicio
  • La puntuación promedio es 12 de 14
Estadísticas de respuestas
Aerolíneas Destino % Correcto
Aerolíneas Argentinas Buenos Aires (AEP)
100%
Copa Airlines Ciudad de Panamá
100%
Air EuropaIberia Madrid
100%
Gol Linhas AéreasJetSMART Sky Airline Río de Janeiro
100%
Gol Linhas AéreasLATAM Airlines São Paulo
100%
Paranair Asunción
88%
Avianca Bogotá
88%
LATAM Airlines Lima
88%
JetSMARTLATAM Airlines Sky Airline Santiago de Chile
88%
American Airlines Miami
75%
Azul Linhas Aéreas Curitiba
63%
Azul Linhas Aéreas Recife
63%
Paranair Salto
50%
Sky Airline Salvador de Bahia
50%
No se encontraron pruebas coincidentes
Distribución de puntuación
Porcentaje de gente con cada puntuación
Porcentaje por número respondido
Historial de tus puntuaciones
No has intentado esta prueba desde el último reinicio